| 000 -LEADER |
| fixed length control field |
00696cam a22002051 4500 |
| 040 ## - CATALOGING SOURCE |
| Transcribing agency |
ODaWU |
| 082 ## - DEWEY DECIMAL CLASSIFICATION NUMBER |
| Classification number |
340 BOB 1965 A089 Or. |
| 245 10 - TITLE STATEMENT |
| Title |
Communication sciences and law; |
| 260 ## - PUBLICATION, DISTRIBUTION, ETC. (IMPRINT) |
| Place of publication |
Indianapolis, |
| Name of publisher |
Bobbs-Merrill |
| Year of publication |
[1965] |
| 300 ## - PHYSICAL DESCRIPTION |
| Number of Pages |
xx, 442 p. |
| Dimensions |
24 cm. |
| 500 ## - GENERAL NOTE |
| General note |
Conference organized by the Jurimetrics Committee of the Association of American Law Schools and held Sept. 5-7, 1963, at the Yale Law School. |
| 650 #0 - SUBJECT ADDED ENTRY--TOPICAL TERM |
| Topical Term |
Law |
| 650 #0 - SUBJECT ADDED ENTRY--TOPICAL TERM |
| Topical Term |
Legal research |
| 650 #0 - SUBJECT ADDED ENTRY--TOPICAL TERM |
| Topical Term |
Information storage and retrieval systems |
| 700 1# - ADDED ENTRY--PERSONAL NAME |
| Personal name |
Allen, Layman E., |
| 700 1# - ADDED ENTRY--PERSONAL NAME |
| Personal name |
Caldwell, Mary Ellen, |
| 710 2# - ADDED ENTRY--CORPORATE NAME |
| Corporate name or jurisdiction name as entry element |
Association of American Law Schools. |
| 710 2# - ADDED ENTRY--CORPORATE NAME |
| Corporate name or jurisdiction name as entry element |
Yale Law School. |
| 942 ## - ADDED ENTRY ELEMENTS (KOHA) |
| Koha item type |
សៀវភៅភាសាអង់គ្លេស |
| 952 ## - LOCATION AND ITEM INFORMATION (KOHA) |
| Withdrawn status [LOCAL, KOHA] |
0 |